[Event "North American-ch U12"]
[White "Lagasse, Nicolas"]
[Black "Sanchez, Edgar"]
[Site "Montreal"]
[Round "4"]
[Result "1/2-1/2"]
[Date "2010.08.17"]
[WhiteElo "1059"]
[BlackElo "1087"]
[PlyCount "62"]
[EventDate "2010.08.16"]
[EventType "swiss"]
[EventRounds "7"]
[EventCountry "CAN"]
[SourceTitle "EXT 2013"]
[Source "ChessBase"]
[SourceDate "2012.11.22"]
[SourceVersion "1"]
[SourceVersionDate "2012.11.22"]
[SourceQuality "1"]

1. c4 c5 2. Nc3 Nc6 3. e4 d6 4. d3 e5 5. g3 Nf6 6. Bg2 Be7 7. Nge2 h6 8. 0-0 0-0 9. f4 Bg4 10. h3 Bxe2 11. Qxe2 Nd4 12. Qd1 Nd7 13. f5 Bg5 14. Nd5 Bxc1 15. Rxc1 Nf6 16. Kh2 Nxd5 17. cxd5 f6 18. Bf3 Nxf3+ 19. Qxf3 b5 20. Qd1 Qd7 21. a3 a5 22. Qd2 Rfb8 23. b4 cxb4 24. axb4 a4 25. Rc6 Rc8 26. Rfc1 Rxc6 27. Rxc6 Rc8 28. Qc3 Rb8 29. Rc7 Qe8 30. Qc6 Qxc6 31. dxc6 a3 1/2-1/2